| 000 | 01881nam a22003617a 4500 | ||
|---|---|---|---|
| 005 | 20090627142837.0 | ||
| 008 | 090627t xxu||||| |||| 00| 0 eng d | ||
| 010 | _aENG-94262-64 | ||
| 020 |
_a8183243088 (series) _c2900.00(set of 3 pts.) |
||
| 020 |
_a8183243192 (pt.I) _c2900.00(set of 3 pts.) |
||
| 020 |
_a8183243207 (pt.II) _c2900.00(set of 3 pts.) |
||
| 020 |
_a8183243245 (pt. III) _c2900.00(set of 3 pts.) |
||
| 035 | _aEN-77795-97 | ||
| 037 | _bDBAD / PUB | ||
| 040 |
_adpl _bEnglish |
||
| 082 | _a338.10954 | ||
| 245 |
_aWTO and Indian agriculture: _c[edited by] Rais Ahmad ; foreword by M.S. Swaminathan. _bopportunities, problems and chalenges / |
||
| 246 | _aWorld Trade Organisation and Indian agriculture | ||
| 260 |
_aNew Delhi _bMittal Publications _c2009 |
||
| 270 |
_a4594/9, Daryaganj, _bNew Delhi _e110002 |
||
| 300 |
_a3pt. (xxxv, 395p.; xxxv, 396-787p.; xxxv, 788-1055p.) _c23cm(Hb) _bill., maps |
||
| 500 | _aThis book is published in 3 pts. and set price is 2900.00 | ||
| 500 | _aIncludes index | ||
| 610 | _a World Trade Organization. | ||
| 650 |
_aAgriculture _xEconomic aspects _zIndia |
||
| 650 |
_aAgriculture and state _zIndia |
||
| 650 |
_aTariff on farm produce _zIndia |
||
| 700 |
_aAhmad, Rais, _d1958- |
||
| 942 |
_2ddc _cEN _mRAI _h338.10954 |
||
| 999 |
_c27939 _d27939 |
||